| 000 | 00752nam a2200193 4500 | ||
|---|---|---|---|
| 999 |
_c16204 _d16204 |
||
| 008 | 210805b ||||| |||| 00| 0 eng d | ||
| 022 | _a10422587 | ||
| 082 | _aDPer 658.405 En86 2016 vol. 40, no. 3 | ||
| 100 |
_aCheryl R. Mitteness. _943416 |
||
| 245 |
_aExtending the role of similarity attraction in friendship and advice networks in angel groups/ _cCheryl R. Mitteness [and three others]. |
||
| 260 |
_aHoboken, NJ: _bWiley Subscription Services, Inc., _cc2016. |
||
| 300 |
_av40 n3, pages 627-656; _billustrations: _c25 cm. |
||
| 650 |
_aInvestments. _943417 |
||
| 650 |
_aEntrepreneurship. _943418 |
||
| 700 |
_aDeJordy, R. _eAuthor. _943419 |
||
| 700 |
_aAhuja, M. K. _eAuthor. _943420 |
||
| 700 |
_aSudek, R. _eAuthor. _943421 |
||
| 942 |
_2ddc _cPER |
||